书目信息 |
| 题名: |
一只黑猫的自闭症
|
|
| 作者: | 于是 著 ;静兮 绘 | |
| 分册: | ||
| 出版信息: | 北京 人民文学出版社 2005.05 |
|
| 页数: | 193页 | |
| 开本: | 20cm | |
| 丛书名: | ||
| 单 册: | ||
| 中图分类: | I247.5 | |
| 科图分类: | ||
| 主题词: | 中篇小说--zhong pian xiao shuo--中国--当代 | |
| 电子资源: | ||
| ISBN: | 7-02-005195-2 | |
| 000 | 00808nam0 2200229 450 | |
| 001 | 012006755936 | |
| 005 | 20070521085244.01 | |
| 010 | @a7-02-005195-2@dCNY20.00 | |
| 100 | @a20050827d2005 km y0chiy0120 ea | |
| 101 | 0 | @achi |
| 102 | @aCN@b110000 | |
| 105 | @aa z 000ay | |
| 200 | 1 | @a一只黑猫的自闭症@Ayi zhi hei mao de zi bi zheng@f于是著@Fyu shi zhu@g静兮绘@Gjing xi hui |
| 210 | @a北京@c人民文学出版社@d2005.05 | |
| 215 | @a193页@c图@d20cm | |
| 330 | @a本书描写了一位都市女青年收养、调教一只小猫的全过程。全书作者在十分拟人化的小猫身上透视出了某些人生哲学,会使读者在阅读的轻松愉悦中获得感悟。 | |
| 606 | 0 | @a中篇小说@Azhong pian xiao shuo@y中国@z当代 |
| 690 | @aI247.5@v4 | |
| 701 | 0 | @a于是@Ayu shi@4著 |
| 702 | 0 | @a静兮@Ajing xi@4绘 |
| 801 | 0 | @aCN@c20070521 |
| 905 | @a10447@dI247.5@eY722 | |
| 一只黑猫的自闭症/于是著/静兮绘.-北京:人民文学出版社,2005.05 |
| 193页:图;20cm |
| ISBN 7-02-005195-2:CNY20.00 |
| 本书描写了一位都市女青年收养、调教一只小猫的全过程。全书作者在十分拟人化的小猫身上透视出了某些人生哲学,会使读者在阅读的轻松愉悦中获得感悟。 |
| ● |
| 相关链接 |
|
|
|
正题名:一只黑猫的自闭症
索取号:I247.5/Y722
 
预约/预借
| 序号 | 登录号 | 条形码 | 馆藏地/架位号 | 状态 | 备注 |
| 1 | 237251 | 202372510 | 文学库108/108文学库 40排3列5层/ [索取号:I247.5/Y722] | 在馆 | |
| 2 | 237252 | 202372529 | 文学库108/108文学库 40排3列5层/ [索取号:I247.5/Y722] | 在馆 | |
| 3 | 237253 | 202372538 | 社科二线422/422社科库 1排1列6层/ [索取号:I247.5/Y722] | 在馆 |